Linkin Park Members - Statistics

General Stats
  • This quiz has been taken 45 times
  • The average score is 5 of 8
Answer Stats
Hint Member % Correct
Rapper Mike Shinoda
100%
Vocalist Emily Armstrong
95%
Former vocalist Chester Bennington
84%
Turntable Joe Hahn
78%
Bass Guitar Dave "Phoenix" Farrell
68%
Former drummer Rob Bourdon
62%
Drummer Colin Brittain
43%
Guitarist Brad Dalson
5%
No matching quizzes found
Score Distribution
Percent of People with Each Score
Percentile by Number Answered
Your Score History
You have not taken this quiz